| 000 | 01347cam a22003615a 4500 | ||
|---|---|---|---|
| 999 |
_c23017 _d22989 |
||
| 001 | 013169784 | ||
| 003 | EG-ScBUE | ||
| 005 | 20210607103928.0 | ||
| 008 | 050617s2005 enka f b 001 0 eng d | ||
| 020 | _a9780198529446 | ||
| 035 | _a(UkOxU)UkOxUb15864755 | ||
| 040 |
_aStDuBDS _beng _erda _dUkOxU _dUk _dEG-ScBUE _cEG-ScBUE |
||
| 082 | 0 | 4 |
_a338.433621 _bMET _222 |
| 245 | 0 | 0 |
_aMethods for the economic evaluation of health care programmes / _cMichael F. Drummond, professor and director, Centre for Health Economics, University of York, UK ... [et al.] |
| 250 | _aThird edition. | ||
| 264 | 1 |
_aOxford ; _aNew York : _bOxford University Press, _c2005. |
|
| 300 |
_axv, 379 pages : _billustrations ; _c24 cm. |
||
| 336 |
_2rdacontent _atext _btxt |
||
| 337 |
_2rdamedia _aunmediated _bn |
||
| 338 |
_2rdacarrier _avolume _bnc |
||
| 490 | 0 | _aOxford medical publications | |
| 500 | _aPrevious ed.: 1997. | ||
| 504 | _aIncludes bibliographical references and index. | ||
| 650 | 7 |
_aMedical care _xCost effectiveness. _2BUEsh |
|
| 650 | 7 |
_aMedical care, Cost of _xEvaluation. _2BUEsh |
|
| 650 | 7 |
_aCosts and Cost Analysis. _2BUEsh |
|
| 650 | 7 |
_aDelivery of Health Care _xeconomics. _2BUEsh _929097 |
|
| 651 | _2BUEsh | ||
| 653 |
_bPPhrm _cNovember2016 |
||
| 655 |
_vReading book _934232 |
||
| 700 | 1 |
_aDrummond, M. F., _eauthor. |
|
| 942 |
_2ddc _cBB |
||